书目信息 |
| 题名: |
WINDOWS DIY98统论断书
|
|
| 作者: | 程秉辉 著 | |
| 分册: | ||
| 出版信息: | 北京 人民邮电出版社 1999.06 |
|
| 页数: | 432页 | |
| 开本: | 16开 | |
| 丛书名: | ||
| 单 册: | ||
| 中图分类: | TP316.7 | |
| 科图分类: | ||
| 主题词: | 软件 | |
| 电子资源: | ||
| ISBN: | 7-115-07876-9 | |
| 000 | 00523nam0 2200181 45 | |
| 001 | 0009291613 | |
| 005 | 20120406164043.46 | |
| 010 | @a7-115-07876-9@d44.00元 | |
| 100 | @a20000929d1999 km y0chiy0120 ea | |
| 101 | 0 | @achi |
| 200 | 1 | @aWINDOWS DIY98统论断书@AWINDOWS DIY98 Tong Lun Duan Shu@f程秉辉著@FCheng Bing Hui Zhu |
| 210 | @a北京@c人民邮电出版社@d1999.06 | |
| 215 | @a432页@d16开 | |
| 606 | 0 | @a软件 |
| 690 | @aTP316.7@v3 | |
| 701 | 0 | @a程秉辉@4著 |
| 801 | @aCN@bPftUser@c20000929 | |
| 905 | @b159192@dTP316.7@eCH313/1@f1 | |
| WINDOWS DIY98统论断书/程秉辉著.-北京:人民邮电出版社,1999.06 |
| 432页;16开 |
| ISBN 7-115-07876-9:44.00元 |
| ● |
| 相关链接 |
|
|
|
正题名:WINDOWS DIY98统论断书
索取号:TP316.7/CH313/1
 
预约/预借
| 序号 | 登录号 | 条形码 | 馆藏地/架位号 | 状态 | 备注 |
| 1 | 159192 | 201591928 | 自科库301/ [索取号:TP316.7/CH313/1] | 在馆 | |
| 2 | 485816 | 204858163 | 土木与交通工程学院资料室/ [索取号:TP316.7/CH313/1] | 在馆 |